La Argentina en la escuela: la idea de nación en los textos escolares
Gardado en:
| Autor Principal: | |
|---|---|
| Formato: | Libro |
| Idioma: | Lingua castelá |
| Publicado: |
Buenos Aires
Siglo XXI
2004
|
| Edición: | 1a. ed |
| Subjects: | |
| Tags: |
Engadir etiqueta
Sen Etiquetas, Sexa o primeiro en etiquetar este rexistro!
|
MARC
| LEADER | 00000nam a2200000 a 4500 | ||
|---|---|---|---|
| 001 | UCH5650 | ||
| 003 | CL-VaPUC | ||
| 008 | 091015e20040000AG |||||||||||||||||spa|d | ||
| 020 | |a 9871105606 | ||
| 082 | 0 | 4 | |a 372.9 |b ROM |2 21 |
| 100 | 0 | |a Romero, Luis Alberto |e author |9 541955 | |
| 245 | 1 | 3 | |a La Argentina en la escuela: la idea de nación en los textos escolares |
| 250 | |a 1a. ed | ||
| 300 | |a 238 p | ||
| 942 | |c BK | ||
| 945 | |d 20091015 00:00:00 |a rbrito | ||
| 260 | |a Buenos Aires |b Siglo XXI |c 2004 | ||
| 650 | 0 | |a Enseñanza de la historia |9 307330 | |
| 650 | 7 | |a EDUCACI0N BASICA |2 CL-VaPUC |9 541956 | |
| 650 | 0 | |a Formación profesional de profesores |9 307493 | |
| 650 | 7 | |a PROFESORES DE HISTORIA |2 CL-VaPUC |9 541957 | |
| 650 | 0 | |a Historia Argentina |9 268065 | |
| 651 | 0 | |a Argentina |9 254888 | |
| 583 | |a last modification |c 20091015 00:00:00 |k Rodrigo Vera | ||
| 999 | |c 336755 |d 336753 | ||
| 952 | |0 0 |1 0 |4 0 |6 372_900000000000000_ROM_2004 |7 0 |8 A |9 428676 |a BIBHIS |b BIBHIS |d 2019-11-22 |i 4606434 |o 372.9 ROM 2004 |p 4606434 |r 2025-01-20 |w 2019-11-22 |y BK |k HIS | ||